[Event "RM-2011-0-00077"]
[Site "LSS email"]
[Date "2011.07.21"]
[Round "?"]
[White "Petrovic, Djordje R"]
[Black "Franco Cazon, Rodolfo"]
[Result "1-0"]
[WhiteElo "2572"]
[BlackElo "2097"]
[PlyCount "37"]
[EventDate "2011.04.10"]
[EventType "tourn (corr)"]
[EventRounds "6"]
[EventCountry "GER"]
[SourceTitle "Telechess CBM 147"]
[Source "ChessBase"]
[SourceDate "2012.03.16"]
[SourceVersion "1"]
[SourceVersionDate "2012.03.16"]
[SourceQuality "1"]

1. c4 c6 2. g3 d5 3. Bg2 Nf6 4. Nf3 dxc4 5. 0-0 Nbd7 6. Na3 Nb6 7. Qc2 Be6 8. b3 cxb3 9. axb3 g6 10. Nc4 Bg7 11. Bb2 0-0 12. d3 Nbd5 13. Qd2 Nc7 14. Nd4 Bc8 15. e3 Nfe8 16. Na5 e5 17. Ndxc6 bxc6 18. Nxc6 Qd7 19. Nxe5 1-0

[Event "RM-2011-0-00076"]
[Site "LSS email"]
[Date "2011.06.22"]
[Round "?"]
[White "Franco Cazon, Rodolfo"]
[Black "Drysdale, Bryan R"]
[Result "0-1"]
[WhiteElo "2070"]
[BlackElo "2261"]
[PlyCount "72"]
[EventDate "2011.03.21"]
[EventType "tourn (corr)"]
[EventRounds "6"]
[EventCountry "GER"]
[SourceTitle "Telechess CBM 149"]
[Source "ChessBase"]
[SourceDate "2012.07.17"]
[SourceVersion "1"]
[SourceVersionDate "2012.07.17"]
[SourceQuality "1"]

1. d4 d5 2. Nf3 Nf6 3. c4 e6 4. g3 dxc4 5. Bg2 Nc6 6. 0-0 Rb8 7. e3 b5 8. Qe2 Be7 9. Rd1 0-0 10. e4 Bb7 11. Nc3 a6 12. Bf4 Re8 13. a4 Ba8 14. axb5 axb5 15. Bh3 Nb4 16. Ne5 Rb6 17. Bg2 c6 18. Bh3 Bb7 19. Ra7 h6 20. Qe3 Bf8 21. g4 Nh7 22. Bf1 Bd6 23. h4 Na6 24. g5 hxg5 25. hxg5 Bb8 26. Rxb7 Rxb7 27. Nxc6 Qc8 28. Nxb8 Nxb8 29. g6 fxg6 30. e5 Nc6 31. Bg2 Ne7 32. Bxb7 Qxb7 33. Qe4 Qa6 34. Qe2 Rf8 35. Qg4 Nf5 36. Ne4 Qa8 0-1

[Event "SA-2011-0-00199"]
[Site "LSS email"]
[Date "2011.06.22"]
[Round "?"]
[White "Van Gysel, Marc"]
[Black "Franco Cazon, Rodolfo"]
[Result "1-0"]
[WhiteElo "1955"]
[BlackElo "2070"]
[PlyCount "45"]
[EventDate "2011.05.19"]
[EventType "tourn (corr)"]
[EventRounds "6"]
[EventCountry "GER"]
[SourceTitle "Telechess CBM 153"]
[Source "ChessBase"]
[SourceDate "2013.03.14"]
[SourceVersion "1"]
[SourceVersionDate "2013.03.14"]
[SourceQuality "1"]

1. d4 d5 2. Nf3 Nf6 3. g3 Bf5 4. Bg2 e6 5. 0-0 h6 6. c4 c6 7. Nc3 Be7 8. Qb3 Qb6 9. c5 Qxb3 10. axb3 Na6 11. Bd2 0-0 12. Ne5 Nc7 13. f3 a6 14. Rfc1 Rfe8 15. Kf2 Bd8 16. g4 Bh7 17. h4 Re7 18. g5 hxg5 19. hxg5 Nd7 20. Nxd7 Rxd7 21. Bh3 Re7 22. Bf4 Ne8 23. e4 1-0

[Event "LSS RA-2009-0-00049"]
[Site "LSS email"]
[Date "2009.05.11"]
[Round "?"]
[White "Franco Cazon, Rodolfo"]
[Black "Vujadinovic, Milan"]
[Result "1/2-1/2"]
[WhiteElo "2154"]
[BlackElo "2085"]
[PlyCount "42"]
[EventDate "2009.04.05"]
[EventType "tourn (corr)"]
[EventRounds "6"]
[EventCountry "GER"]
[SourceTitle "Corr 2011"]
[Source "ChessBase"]
[SourceDate "2010.08.31"]
[SourceVersion "1"]
[SourceVersionDate "2010.08.31"]
[SourceQuality "1"]

1. d4 Nf6 2. Nf3 e6 3. c4 Bb4+ 4. Bd2 Qe7 5. g3 Nc6 6. Nc3 Bxc3 7. Bxc3 Ne4 8. Qc2 Nxc3 9. Qxc3 Qb4 10. Qxb4 Nxb4 11. Kd2 d6 12. Bg2 Bd7 13. Kc3 Nc6 14. b4 Rb8 15. b5 Ne7 16. Nd2 0-0 17. f4 b6 18. a4 c6 19. bxc6 Bxc6 20. Bxc6 Nxc6 21. Rab1 Rfc8 1/2-1/2

[Event "LSS RA-2009-0-00049"]
[Site "LSS email"]
[Date "2009.05.11"]
[Round "?"]
[White "Kroes, Friso"]
[Black "Franco Cazon, Rodolfo"]
[Result "1/2-1/2"]
[WhiteElo "2085"]
[BlackElo "2170"]
[PlyCount "80"]
[EventDate "2009.04.05"]
[EventType "tourn (corr)"]
[EventRounds "6"]
[EventCountry "GER"]
[SourceTitle "Corr 2011"]
[Source "ChessBase"]
[SourceDate "2010.08.31"]
[SourceVersion "1"]
[SourceVersionDate "2010.08.31"]
[SourceQuality "1"]

1. e4 c6 2. d4 d5 3. e5 c5 4. Nf3 Nc6 5. Bb5 Bg4 6. dxc5 Qa5+ 7. Nc3 e6 8. Bd2 Qc7 9. b4 a5 10. a3 Bxf3 11. gxf3 Qxe5+ 12. Qe2 Qxe2+ 13. Kxe2 Nge7 14. Na4 f6 15. c3 Kf7 16. f4 Rd8 17. Bd3 f5 18. Rhb1 g6 19. b5 Nb8 20. Rb3 Nd7 21. c6 bxc6 22. b6 Ng8 23. b7 Bd6 24. c4 Ngf6 25. Rab1 Bc7 26. cxd5 exd5 27. Kf1 Rhe8 28. Rc3 Re6 29. Rcc1 Ke7 30. Kg2 Ne4 31. Be3 Kf7 32. Rc2 Nb8 33. h3 Re7 34. Rb3 Rdd7 35. h4 d4 36. Bc1 Bd6 37. f3 Nf6 38. Bc4+ Kg7 39. Rcb2 Re1 40. Bd2 Ra1 1/2-1/2

[Event "LSS RA-2009-0-00049"]
[Site "LSS email"]
[Date "2009.05.08"]
[Round "?"]
[White "Franco Cazon, Rodolfo"]
[Black "Ortiz, Manuel"]
[Result "1-0"]
[WhiteElo "2154"]
[BlackElo "2227"]
[PlyCount "27"]
[EventDate "2009.04.05"]
[EventType "tourn (corr)"]
[EventRounds "6"]
[EventCountry "GER"]
[SourceTitle "Corr 2013"]
[Source "ChessBase"]
[SourceDate "2012.11.12"]
[SourceVersion "1"]
[SourceVersionDate "2012.11.12"]
[SourceQuality "1"]

1. d4 e6 2. c4 Nf6 3. Nf3 b6 4. g3 Ba6 5. Qc2 c5 6. d5 exd5 7. cxd5 Bb7 8. Bg2 Nxd5 9. 0-0 Be7 10. Rd1 Nc6 11. Qa4 Nf6 12. Nh4 0-0 13. Nf5 Nd5 14. Bxd5 1-0

[Event "LSS RA-2009-0-00049"]
[Site "LSS email"]
[Date "2009.05.07"]
[Round "?"]
[White "Herzog, Klaus"]
[Black "Franco Cazon, Rodolfo"]
[Result "1/2-1/2"]
[WhiteElo "1942"]
[BlackElo "2154"]
[PlyCount "53"]
[EventDate "2009.04.05"]
[EventType "tourn (corr)"]
[EventRounds "6"]
[EventCountry "GER"]
[SourceTitle "Corr 2011"]
[Source "ChessBase"]
[SourceDate "2010.08.31"]
[SourceVersion "1"]
[SourceVersionDate "2010.08.31"]
[SourceQuality "1"]

1. e4 c6 2. d4 d5 3. e5 c5 4. dxc5 e6 5. Be3 Nh6 6. c3 Nf5 7. Bd4 Nxd4 8. cxd4 b6 9. b4 a5 10. Qa4+ Bd7 11. Bb5 Bxb5 12. Qxb5+ Qd7 13. Qxb6 Nc6 14. b5 Nxd4 15. c6 Qa7 16. Qxa7 Rxa7 17. a4 Nc2+ 18. Ke2 Nxa1 19. b6 Bc5 20. bxa7 Bxa7 21. Na3 Nb3 22. Nf3 Ke7 23. Nb5 Bb6 24. Nd6 Nc5 25. Rc1 Na6 26. Rb1 Nb4 27. Rc1 1/2-1/2

[Event "LSS BI-2009-P-00012"]
[Site "LSS email"]
[Date "2009.04.19"]
[Round "?"]
[White "Franco Cazon, Rodolfo"]
[Black "Correa de Almeida, Claudio"]
[Result "1-0"]
[WhiteElo "2170"]
[BlackElo "1992"]
[PlyCount "83"]
[EventDate "2009.04.20"]
[EventType "tourn (corr)"]
[EventRounds "10"]
[EventCountry "GER"]
[SourceTitle "Corr 2011"]
[Source "ChessBase"]
[SourceDate "2010.08.31"]
[SourceVersion "1"]
[SourceVersionDate "2010.08.31"]
[SourceQuality "1"]

1. d4 Nf6 2. Nf3 g6 3. c4 Bg7 4. g3 0-0 5. Bg2 c5 6. 0-0 cxd4 7. Nxd4 Nc6 8. Nc3 Nxd4 9. Qxd4 d6 10. Qd3 Bf5 11. e4 Be6 12. Bd2 Nd7 13. b3 a6 14. Rac1 b5 15. cxb5 axb5 16. Qxb5 Bxc3 17. Bxc3 Rxa2 18. b4 Qc7 19. Qg5 Bc4 20. Rfd1 f6 21. Qe3 Qb8 22. Ra1 Rc8 23. Rxa2 Bxa2 24. Rc1 Be6 25. Bf1 Qb7 26. b5 Kf7 27. h4 h5 28. Rb1 Nc5 29. f3 Qb6 30. Bd4 Kg7 31. f4 Kf7 32. e5 Qb7 33. Re1 Nb3 34. exf6 Nxd4 35. Qxd4 exf6 36. Qxd6 Qd5 37. Qxd5 Bxd5 38. Kf2 f5 39. Ke3 Re8+ 40. Kd2 Rxe1 41. Kxe1 Ke6 42. b6 1-0

[Event "LSS BI-2009-P-00012"]
[Site "LSS email"]
[Date "2009.04.19"]
[Round "?"]
[White "Franco Cazon, Rodolfo"]
[Black "Lingen, Rainer"]
[Result "1/2-1/2"]
[WhiteElo "2170"]
[BlackElo "1570"]
[PlyCount "60"]
[EventDate "2009.04.20"]
[EventType "tourn (corr)"]
[EventRounds "10"]
[EventCountry "GER"]
[SourceTitle "Corr 2011"]
[Source "ChessBase"]
[SourceDate "2010.08.31"]
[SourceVersion "1"]
[SourceVersionDate "2010.08.31"]
[SourceQuality "1"]

1. d4 d5 2. Nf3 Nf6 3. c4 e6 4. g3 Be7 5. Bg2 0-0 6. 0-0 dxc4 7. Qc2 a6 8. Qxc4 b5 9. Qc2 Bb7 10. Bd2 Nbd7 11. Ba5 Ra7 12. Nbd2 Qa8 13. Rac1 c5 14. dxc5 Bxc5 15. b4 Bb6 16. Nb3 Bd5 17. Qd2 Bxa5 18. Nxa5 Nb6 19. Qd4 Nc4 20. Nxc4 bxc4 21. Rfd1 Rc8 22. a3 Rac7 23. Ne1 Bxg2 24. Nxg2 Rd7 25. Qc3 Rxd1+ 26. Rxd1 Ne4 27. Qd4 c3 28. Ne3 Nd2 29. Qd3 Qc6 30. Rc1 Nb3 1/2-1/2

[Event "LSS BI-2009-P-00012"]
[Site "LSS email"]
[Date "2009.04.19"]
[Round "?"]
[White "Yangibayev, Rustam"]
[Black "Franco Cazon, Rodolfo"]
[Result "0-1"]
[WhiteElo "647"]
[BlackElo "2154"]
[PlyCount "66"]
[EventDate "2009.04.20"]
[EventType "tourn (corr)"]
[EventRounds "10"]
[EventCountry "GER"]
[SourceTitle "Corr 2011"]
[Source "ChessBase"]
[SourceDate "2010.08.31"]
[SourceVersion "1"]
[SourceVersionDate "2010.08.31"]
[SourceQuality "1"]

1. Nf3 d5 2. d4 Nf6 3. c4 c6 4. e3 Bg4 5. Be2 e6 6. Nc3 Bd6 7. 0-0 Nbd7 8. h3 Bxf3 9. Bxf3 dxc4 10. Bd2 0-0 11. Rc1 e5 12. dxe5 Nxe5 13. Be2 Nd3 14. Bxd3 cxd3 15. a3 Qe7 16. Nb1 Qe5 17. f4 Qxb2 18. Bc3 Qe2 19. Bd4 Rfd8 20. Rf2 Qxd1+ 21. Rxd1 Ne4 22. Rff1 c5 23. Ba1 c4 24. Nc3 Nxc3 25. Bxc3 Bxa3 26. Ra1 Bc5 27. Rf3 d2 28. Rd1 Rd3 29. Rxd2 Rxc3 30. Kf2 Re8 31. Ke2 Bxe3 32. Rxe3 Rcxe3+ 33. Kf2 Rd3 0-1

[Event "LSS RA-2009-0-00041"]
[Site "LSS email"]
[Date "2009.03.01"]
[Round "?"]
[White "Donzellotti, Giuseppe"]
[Black "Franco Cazon, Rodolfo"]
[Result "1/2-1/2"]
[WhiteElo "2096"]
[BlackElo "2154"]
[PlyCount "115"]
[EventDate "2009.01.13"]
[EventType "tourn (corr)"]
[EventRounds "6"]
[EventCountry "GER"]
[SourceTitle "Corr 2011"]
[Source "ChessBase"]
[SourceDate "2010.08.31"]
[SourceVersion "1"]
[SourceVersionDate "2010.08.31"]
[SourceQuality "1"]

1. Nc3 d5 2. e4 c6 3. f4 dxe4 4. Nxe4 Nf6 5. Nf2 Qc7 6. d4 g6 7. Nf3 Bg7 8. Bd3 0-0 9. Qe2 Nbd7 10. 0-0 c5 11. c3 b6 12. f5 Bb7 13. Re1 Rfe8 14. Bg5 e6 15. fxg6 hxg6 16. Ne4 cxd4 17. Nxd4 Nxe4 18. Bxe4 Bxe4 19. Qxe4 Qc5 20. Be3 Qc4 21. Rad1 Nc5 22. Qc6 Qxa2 23. b4 Rac8 24. Qf3 e5 25. bxc5 exd4 26. cxd4 bxc5 27. dxc5 a5 28. Bf2 a4 29. Qd3 Qb3 30. Qd7 Rxe1+ 31. Rxe1 Rf8 32. c6 Qc3 33. c7 a3 34. Qa4 Be5 35. Rd1 Qxc7 36. Qxa3 Bxh2+ 37. Kf1 Be5 38. Qc5 Qb8 39. Re1 Bf6 40. Qb6 Qf4 41. Kg1 Kg7 42. Qe3 Qf5 43. Qe4 Qd7 44. Bg3 Bd4+ 45. Bf2 Bc3 46. Qe7 Qd2 47. Qe3 Rd8 48. Qxd2 Rxd2 49. Re7 Ra2 50. Rd7 Rd2 51. Re7 Bf6 52. Rb7 g5 53. Kf1 Rb2 54. Rxb2 Bxb2 55. g4 Kf6 56. Be3 Be5 57. Ke2 Bf4 58. Bd4+ 1/2-1/2

[Event "LSS RB-2008-0-00039"]
[Site "LSS email"]
[Date "2009.01.19"]
[Round "?"]
[White "Seiler, Peter"]
[Black "Franco Cazon, Rodolfo"]
[Result "0-1"]
[WhiteElo "1962"]
[BlackElo "1967"]
[PlyCount "46"]
[EventDate "2009.01.08"]
[EventType "tourn (corr)"]
[EventRounds "6"]
[EventCountry "GER"]
[SourceTitle "Corr 2011"]
[Source "ChessBase"]
[SourceDate "2010.08.31"]
[SourceVersion "1"]
[SourceVersionDate "2010.08.31"]
[SourceQuality "1"]

1. e4 c6 2. d3 d5 3. Nd2 e5 4. Ngf3 Bd6 5. g3 Nf6 6. Bg2 0-0 7. 0-0 Re8 8. b3 a5 9. a3 Nbd7 10. Bb2 dxe4 11. dxe4 Qc7 12. Nc4 Bf8 13. Nfd2 b5 14. Ne3 Nc5 15. Qe2 Ba6 16. Rfd1 Rad8 17. Rab1 Ne6 18. Nf3 Rxd1+ 19. Rxd1 Nc5 20. Nd2 g6 21. Bh3 Rd8 22. f4 b4 23. axb4 Bxe2 0-1

[Event "LSS SB-2008-0-00038"]
[Site "LSS email"]
[Date "2009.01.15"]
[Round "?"]
[White "Franco Cazon, Rodolfo"]
[Black "Baumann, Dariusz"]
[Result "1-0"]
[WhiteElo "2170"]
[BlackElo "1988"]
[PlyCount "97"]
[EventDate "2009.01.11"]
[EventType "tourn (corr)"]
[EventRounds "6"]
[EventCountry "GER"]
[SourceTitle "Corr 2011"]
[Source "ChessBase"]
[SourceDate "2010.08.31"]
[SourceVersion "1"]
[SourceVersionDate "2010.08.31"]
[SourceQuality "1"]

1. d4 Nf6 2. Nf3 g6 3. c4 Bg7 4. g3 0-0 5. Bg2 d6 6. 0-0 Nbd7 7. Nc3 e5 8. e4 c6 9. h3 Qb6 10. c5 dxc5 11. dxe5 Ne8 12. e6 fxe6 13. Ng5 Ne5 14. f4 c4+ 15. Kh2 Nd3 16. e5 Nxb2 17. Bxb2 Qxb2 18. Qd4 Nc7 19. Rab1 Qa3 20. Qxc4 Nd5 21. Rf3 Qe7 22. Rd3 a5 23. a3 Ra6 24. Nce4 b5 25. Qc5 Re8 26. Nd6 Bd7 27. h4 Rb8 28. Nde4 Bf8 29. Qc2 Rd8 30. Rbd1 h6 31. Nf6+ Kg7 32. h5 Be8 33. Nf3 Kh8 34. Nh4 gxh5 35. f5 exf5 36. Bxd5 cxd5 37. Rxd5 Rxd5 38. Rxd5 Rc6 39. Qxf5 Re6 40. Rd7 Rxf6 41. Rxe7 Rxf5 42. Rxe8 Rf7 43. e6 Rf6 44. e7 Kg7 45. Rxf8 Rxf8 46. Nf5+ Kf7 47. exf8Q+ Kxf8 48. Nd4 b4 49. a4 1-0

[Event "ESP-ch op"]
[Site "Leon"]
[Date "2006.11.25"]
[Round "4"]
[White "Franco Cazon, Rodolfo"]
[Black "Martinez Rodriguez, Ezequiel"]
[Result "0-1"]
[WhiteElo "2012"]
[BlackElo "1996"]
[PlyCount "104"]
[EventDate "2006.11.22"]
[EventType "swiss"]
[EventRounds "9"]
[EventCountry "ESP"]
[SourceTitle "CBM 115 Extra"]
[Source "ChessBase"]
[SourceDate "2007.01.10"]
[SourceVersion "1"]
[SourceVersionDate "2007.01.10"]
[SourceQuality "1"]

1. e4 c5 2. Nf3 a6 3. c3 d6 4. Be2 e6 5. 0-0 Nf6 6. Re1 b5 7. e5 dxe5 8. Nxe5 Bb7 9. d4 Be7 10. Bf3 Bxf3 11. Qxf3 Ra7 12. Be3 Rc7 13. Nd2 0-0 14. Rad1 Qd5 15. b3 Qxf3 16. Nexf3 Nd5 17. c4 Nc3 18. Ra1 Bf6 19. Bf4 Rd7 20. Be5 cxd4 21. Ne4 Nxe4 22. Rxe4 Nc6 23. cxb5 axb5 24. Bxf6 gxf6 25. Rc1 Rd6 26. h3 Ra8 27. Rc2 Nb4 28. Rd2 e5 29. Rg4+ Kf8 30. Nh4 Rxa2 31. Rd1 Rc6 32. Nf5 Rcc2 33. f3 Nd5 34. Kh1 Nf4 35. Nxd4 Rxg2 36. Rxg2 Rxg2 37. Nxb5 Rb2 38. Nd6 Nxh3 39. Rc1 Ng5 40. Nf5 Ke8 41. Rc3 Kd7 42. Kg1 Ke6 43. Ng7+ Kd5 44. Nf5 Ne6 45. Ne7+ Kd4 46. Rc4+ Kd3 47. Rh4 Ng5 48. Rh6 Nxf3+ 49. Kh1 e4 50. Nd5 e3 51. Nxe3 Kxe3 52. b4 Rb1+ 0-1

[Event "IECG ZH.2006.0.00032"]
[Site "IECG email"]
[Date "2006.06.25"]
[Round "?"]
[White "Fels, Bernhard"]
[Black "Franco Cazon, Rodolfo"]
[Result "1/2-1/2"]
[WhiteElo "2238"]
[BlackElo "2012"]
[PlyCount "42"]
[EventDate "2006.06.25"]
[EventType "match (corr)"]
[EventRounds "2"]
[SourceTitle "Corr 2008"]
[Source "ChessBase"]
[SourceDate "2008.06.24"]
[SourceVersion "1"]
[SourceVersionDate "2008.06.24"]
[SourceQuality "1"]

1. d4 d5 2. a3 Nf6 3. Nf3 e6 4. Bf4 c5 5. e3 Nc6 6. Nc3 a6 7. Bd3 Be7 8. 0-0 Nh5 9. dxc5 Nxf4 10. exf4 Bxc5 11. Ne2 0-0 12. c4 dxc4 13. Bxc4 Qxd1 14. Rfxd1 b5 15. Bxb5 axb5 16. Rac1 Bxa3 17. bxa3 Ne7 18. Ned4 Rxa3 19. Nxb5 Rb3 20. Nfd4 Rb2 21. g3 Ba6 1/2-1/2

[Event "IECG ZH.2006.0.00032"]
[Site "IECG email"]
[Date "2006.06.25"]
[Round "?"]
[White "Franco Cazon, Rodolfo"]
[Black "Fels, Bernhard"]
[Result "1/2-1/2"]
[WhiteElo "2012"]
[BlackElo "2238"]
[PlyCount "40"]
[EventDate "2006.06.25"]
[EventType "match (corr)"]
[EventRounds "2"]
[SourceTitle "Corr 2008"]
[Source "ChessBase"]
[SourceDate "2008.06.24"]
[SourceVersion "1"]
[SourceVersionDate "2008.06.24"]
[SourceQuality "1"]

1. e4 d5 2. exd5 Qxd5 3. Nc3 Qd6 4. Nf3 Nf6 5. d4 a6 6. Be3 Nc6 7. Qd2 Bg4 8. Ng5 Bf5 9. f3 e5 10. d5 Nd4 11. Nge4 Nxe4 12. fxe4 Bd7 13. Bxd4 exd4 14. Qxd4 c5 15. Qe3 Qe5 16. g3 b5 17. 0-0-0 Be7 18. h4 b4 19. Ne2 Bf6 20. c3 0-0 1/2-1/2